Comparison of cucumber varieties (cucummis sativus) in net-house condition, ការប្រៀបទៀបពូជត្រសក់ក្នុងលក្ខខណ្ឌផ្ទះសំណាញ់ (Record no. 9143)

000 -LEADER
fixed length control field 00511nam a22001337a 4500
040 ## - CATALOGING SOURCE
Transcribing agency RUA
082 ## - DEWEY DECIMAL CLASSIFICATION NUMBER
Classification number AGR KIN 2015 B513 Or.1
100 ## - MAIN ENTRY--AUTHOR NAME
Personal name KIN VUTHY, គិន វុទ្ធី
245 ## - TITLE STATEMENT
Title Comparison of cucumber varieties (cucummis sativus) in net-house condition, ការប្រៀបទៀបពូជត្រសក់ក្នុងលក្ខខណ្ឌផ្ទះសំណាញ់
260 ## - PUBLICATION, DISTRIBUTION, ETC. (IMPRINT)
Place of publication Phnom Penh
Name of publisher RUA
Year of publication 2015
300 ## - PHYSICAL DESCRIPTION
Number of Pages x; 42p.
Other physical details ill.
Dimensions 29cm.
856 ## - ELECTRONIC LOCATION AND ACCESS
Uniform Resource Identifier KIN VUTHY
942 ## - ADDED ENTRY ELEMENTS (KOHA)
Koha item type AGR
952 ## - LOCATION AND ITEM INFORMATION (KOHA)
Withdrawn status [LOCAL, KOHA] 0
952 ## - LOCATION AND ITEM INFORMATION (KOHA)
Withdrawn status [LOCAL, KOHA] 0
952 ## - LOCATION AND ITEM INFORMATION (KOHA)
Withdrawn status [LOCAL, KOHA] 0
952 ## - LOCATION AND ITEM INFORMATION (KOHA)
Withdrawn status [LOCAL, KOHA] 0
952 ## - LOCATION AND ITEM INFORMATION (KOHA)
Withdrawn status [LOCAL, KOHA] 0
952 ## - LOCATION AND ITEM INFORMATION (KOHA)
Withdrawn status [LOCAL, KOHA] 0
952 ## - LOCATION AND ITEM INFORMATION (KOHA)
Withdrawn status [LOCAL, KOHA] 0
952 ## - LOCATION AND ITEM INFORMATION (KOHA)
Withdrawn status [LOCAL, KOHA] 0
952 ## - LOCATION AND ITEM INFORMATION (KOHA)
Withdrawn status [LOCAL, KOHA] 0
952 ## - LOCATION AND ITEM INFORMATION (KOHA)
Withdrawn status [LOCAL, KOHA] 0
Holdings
Permanent Location Date acquired Koha item type Lost status Shelving location Barcode Current Location Full call number
Library Block B2016-08-25AGR B513RUA062213Library Block BAGR KIN 2015 B513 Or.1
Library Block B2016-08-25AGR B513RUA061305Library Block BAGR KIN 2015 B513 Or.2
Library Block B2016-08-25AGR B513RUA062211Library Block BAGR KIN 2015 B513 Or.3
Library Block B2016-08-25AGR B513RUA062080Library Block BAGR KIN 2015 B513 Or.4
Library Block B2016-08-25AGR B513RUA062140Library Block BAGR KIN 2015 B513 Or.5
Library Block B2016-08-25AGR B513RUA061973Library Block BAGR KIN 2015 B513 Or.6
Library Block B2016-08-25AGR B513RUA061535Library Block BAGR KIN 2015 B513 Or.7
Library Block B2016-08-25AGR B513RUA061984Library Block BAGR KIN 2015 B513 Or.8
Library Block B2021-09-29AGR B691A09848Library Block BAGR KIN 2015 B691 Or.1
Library Block B2021-09-29AGR B691A09328Library Block BAGR KIN 2015 B691 Or.1
មជ្ឈមណ្ឌលឯការនៃសាកលវិទ្យាល័យភូមិន្ទកសិកម្មចំការដូង

Powered by Koha